000 01259nam a2200349 a 4500
001 000111103
003 CHAP
005 20220329144158.0
008 141203s2014 mx fsm |||||||spa d
010 _a107565
011 _a108537
040 _cCHAP
090 _aTesis
100 1 _aIbarra Sánchez, Alejandro
_9128912
245 1 0 _aEndogamia y predicción de sintéticos derivados de mezclas de líneas, cruzas dobles, trilineales y simples
_h[En línea]
_cpor Alejandro Ibarra Sánchez.
260 _aChapingo, Méx. :
_bEl autor,
_c2014.
500 _aPara ver el contenido del material haga clic en la liga
502 _aTesis (Agrónomo en Horticultura Protegida) -- UACH. Departamento de Fitotecnia
590 _aE11695DGD
_b10
_c20141207
_lUCH01
_h1353
590 _aE5995AHE
_b05
_c20141203
_lUCH01
_h1106
590 _aE5995AHE
_b05
_c20141203
_lUCH01
_h1106
590 _aE5995AHE
_b05
_c20141203
_lUCH01
_h1435
650 1 4 _aEndogamia.
_936873
650 1 4 _aMaíz
_xGenética.
_970963
650 1 4 _aMaíz
_xHíbridos.
_970974
650 1 4 _aMaíz
_xMejoramiento.
_971006
650 1 4 _aMaíz
_xVariedades.
_971081
856 _aFinding aid
_uhttp://10.13.5.2/tesis/sist111103.pdf
_zTeclea aquí
901 _aBK
942 _cTESIS
942 _n0
999 _c107565
_d107565